Rich Mindset Rich Life: Transforming Your Finances and Future (Record no. 369819)

MARC details
000 -LEADER
fixed length control field 00516nam a2200181 4500
005 - DATE AND TIME OF LATEST TRANSACTION
control field 20260109134526.0
008 - FIXED-LENGTH DATA ELEMENTS--GENERAL INFORMATION
fixed length control field 260109b |||||||| |||| 00| 0 eng d
020 ## - INTERNATIONAL STANDARD BOOK NUMBER
International Standard Book Number 978-93-5702-798-4
041 ## - LANGUAGE CODE
Language code of text/sound track or separate title English
082 ## - DEWEY DECIMAL CLASSIFICATION NUMBER
Classification number X 158.1 HIL
Item number B12151
100 ## - MAIN ENTRY--PERSONAL NAME
Author Hill, Napoleon
110 ## - MAIN ENTRY--CORPORATE NAME
Corporate name or jurisdiction name as entry element Allen, James
245 ## - TITLE STATEMENT
Title Rich Mindset Rich Life: Transforming Your Finances and Future
260 ## - PUBLICATION, DISTRIBUTION, ETC.
Place of publication, distribution, etc. New Delhi
Name of publisher, distributor, etc. Rupa Publication
Date of publication, distribution, etc. 2024
300 ## - PHYSICAL DESCRIPTION
Extent 160p.
Other physical details pb
365 ## - TRADE PRICE
Price type code Rupaye
Price amount 199
Currency code INR
942 ## - ADDED ENTRY ELEMENTS (KOHA)
Koha item type Books
Holdings
Withdrawn status Lost status Source of classification or shelving scheme Damaged status Not for loan Collection code Home library Current library Date acquired Vendor Net Price Bill number Total Checkouts Full call number Barcode Date last seen Discount Actual Price Bill Date Koha item type Original Barcode
    Dewey Decimal Classification     Non-fiction Smt. Bakul Tambat Institute of Nursing Education Smt. Bakul Tambat Institute of Nursing Education 30/12/2025 Amazon(online) 171-7413001-8234748 189.05 HYD8-7008103   X 158.1 HIL B12151 BTIN-BK-12151 09/01/2026 9.95 199.00 04/12/2025 Books BTIN-BK-12151